000 00582cam a22002053a 4500
001 35595
003 PGUSA
005 20140828083751.0
008 110317s2011||||xxu|||||s|||||000 | eng d
040 _aPGUSA
_beng
042 _adc
100 1 _aVoltaire,
_d1694-1778
245 1 0 _aVoltaire's Romances, Complete in One Volume
_h[electronic resource] /
_cVoltaire
260 _bProject Gutenberg,
_c2011
506 _aPublic domain in the USA.
516 _aElectronic text
830 0 _aProject Gutenberg
_v35595
856 4 0 _uhttp://www.gutenberg.org/ebooks/35595
942 _cEB
999 _c264850
_d264850